[Event "6. Torneo Distrito Chamartin 2017"]
[Site "Madrid ESP"]
[Date "2017.09.04"]
[Round "1.23"]
[White "Cabañas Bravo, Juan Andres"]
[Black "Siu Burillo, Joaquin"]
[Result "1-0"]
[WhiteElo "2009"]
[BlackElo "1542"]
[PlyCount "35"]
[EventDate "2017.09.04"]
[EventType "swiss"]
[EventRounds "9"]
[EventCountry "ESP"]
[SourceTitle "Ajedrez en Madrid"]
[Source "lmi"]
[SourceDate "2017.09.04"]
[SourceVersion "1"]
[SourceVersionDate "2018.03.05"]
[SourceQuality "1"]

1. e4 c6 2. Nc3 d5 3. Qf3 dxe4 4. Nxe4 Nf6 5. Bc4 Nbd7 6. d4 e6 7. Ne2 Nxe4 8.
Qxe4 Nf6 9. Qf3 Bd6 10. Bg5 Qa5+ 11. Bd2 Qh5 12. Qb3 Qg4 13. O-O-O Ne4 14. Be3
Qf5 15. Bd3 Qd5 16. c4 Qh5 17. Bxe4 Qxe2 18. Bf3 1-0

[Event "6. Torneo Distrito Chamartin 2017"]
[Site "Madrid ESP"]
[Date "2017.09.04"]
[Round "1.24"]
[White "Cupeiro Fernandez, Manuel"]
[Black "Garcia Galeote, Lorenzo"]
[Result "0-1"]
[WhiteElo "1527"]
[BlackElo "1989"]
[PlyCount "60"]
[EventDate "2017.09.04"]
[EventType "swiss"]
[EventRounds "9"]
[EventCountry "ESP"]
[SourceTitle "Ajedrez en Madrid"]
[Source "lmi"]
[SourceDate "2017.09.04"]
[SourceVersion "1"]
[SourceVersionDate "2018.03.05"]
[SourceQuality "1"]

1. e4 g6 2. d4 Bg7 3. c3 d6 4. Nf3 Nf6 5. Bd3 O-O 6. O-O Nc6 7. Be3 Ng4 8. Bf4
e5 9. dxe5 Ngxe5 10. Nxe5 Nxe5 11. Bxe5 dxe5 12. Bc2 Qg5 13. Qf3 f5 14. Qg3 Qf6
15. Qe3 b6 16. Bb3+ Kh8 17. Bd5 c6 18. Bb3 Ba6 19. Rd1 fxe4 20. Nd2 Bd3 21. Bc4
Rad8 22. f3 Bxc4 23. Nxc4 exf3 24. Rf1 Qe6 25. b3 fxg2 26. Kxg2 Rf5 27. Qe4 b5
28. Ne3 Rd2+ 29. Kh1 Rh5 30. Ng2 Qh3 0-1

[Event "6. Torneo Distrito Chamartin 2017"]
[Site "Madrid ESP"]
[Date "2017.09.04"]
[Round "1.26"]
[White "Pareja Cerrato, Antonio"]
[Black "Mkrtchyan, Levon"]
[Result "0-1"]
[WhiteElo "1525"]
[BlackElo "1964"]
[PlyCount "58"]
[EventDate "2017.09.04"]
[EventType "swiss"]
[EventRounds "9"]
[EventCountry "ESP"]
[SourceTitle "Ajedrez en Madrid"]
[Source "lmi"]
[SourceDate "2017.09.04"]
[SourceVersion "1"]
[SourceVersionDate "2018.03.05"]
[SourceQuality "1"]

1. e4 e6 2. d4 d5 3. exd5 exd5 4. Nc3 c6 5. Bf4 Bd6 6. Bxd6 Qxd6 7. Nf3 Ne7 8.
Bd3 O-O 9. h3 Bf5 10. O-O Bxd3 11. Qxd3 Ng6 12. Ng5 Qf6 13. Qg3 Qxd4 14. Rad1
Qf4 15. Rd3 Qxg3 16. fxg3 h6 17. Nxd5 cxd5 18. Rxd5 hxg5 19. Rxg5 Nc6 20. h4 f6
21. Rxg6 Ne5 22. h5 Nxg6 23. hxg6 Rad8 24. Re1 Rfe8 25. Rf1 Rd2 26. Rf4 Ree2
27. Rc4 Rxc2 28. Rd4 Rxg2+ 29. Kh1 Rgd2 0-1

[Event "6. Torneo Distrito Chamartin 2017"]
[Site "Madrid ESP"]
[Date "2017.09.04"]
[Round "1.27"]
[White "Alcoz Coll, Gonzalo"]
[Black "Picazo Sancho, Carolina"]
[Result "1-0"]
[WhiteElo "1960"]
[BlackElo "1486"]
[PlyCount "87"]
[EventDate "2017.09.04"]
[EventType "swiss"]
[EventRounds "9"]
[EventCountry "ESP"]
[SourceTitle "Ajedrez en Madrid"]
[Source "lmi"]
[SourceDate "2017.09.04"]
[SourceVersion "1"]
[SourceVersionDate "2018.03.05"]
[SourceQuality "1"]

1. e4 c5 2. c3 d5 3. exd5 Qxd5 4. d4 Nf6 5. Nf3 Bg4 6. Be2 e6 7. Na3 Nc6 8. O-O
Be7 9. Re1 O-O 10. Nc2 Qd8 11. Ne5 Nxe5 12. dxe5 Qxd1 13. Bxd1 Bxd1 14. Rxd1
Nd5 15. c4 Nb6 16. b3 Rfd8 17. Bb2 Rxd1+ 18. Rxd1 Rd8 19. Rxd8+ Bxd8 20. Na3 a6
21. Nb1 Bg5 22. Nc3 Nd7 23. Ne4 Be7 24. f4 b5 25. cxb5 axb5 26. Nc3 b4 27. Ne4
Nb6 28. Nd2 Nd5 29. g3 f6 30. Nc4 fxe5 31. Bxe5 Bf6 32. Kf1 Bxe5 33. fxe5 Nc3
34. a4 bxa3 35. Nxa3 Ne4 36. Ke2 Ng5 37. Nc4 Kf8 38. Ke3 Ke7 39. Nd6 Kd7 40. h4
Nh3 41. Ne4 h6 42. Nxc5+ Ke7 43. b4 g5 44. b5 1-0

[Event "6. Torneo Distrito Chamartin 2017"]
[Site "Madrid ESP"]
[Date "2017.09.04"]
[Round "1.28"]
[White "Gallego Romero, Manuel"]
[Black "Porras Fernandez, Alberto"]
[Result "0-1"]
[WhiteElo "1475"]
[BlackElo "1959"]
[PlyCount "76"]
[EventDate "2017.09.04"]
[EventType "swiss"]
[EventRounds "9"]
[EventCountry "ESP"]
[SourceTitle "Ajedrez en Madrid"]
[Source "lmi"]
[SourceDate "2017.09.04"]
[SourceVersion "1"]
[SourceVersionDate "2018.03.05"]
[SourceQuality "1"]

1. e4 c5 2. Bc4 Nc6 3. a3 Nf6 4. d3 e6 5. Bg5 Be7 6. Nf3 d6 7. O-O h6 8. Bh4
O-O 9. Re1 Qc7 10. Nc3 a6 11. h3 b5 12. Ba2 Bb7 13. Bg3 Ne5 14. Nxe5 dxe5 15.
Qe2 Bc6 16. Nd1 a5 17. Ne3 Nd7 18. Rf1 Bd6 19. Ng4 b4 20. Bc4 Nb6 21. b3 a4 22.
axb4 cxb4 23. Bh4 Kh7 24. Qd2 Nd7 25. Rfe1 Bc5 26. Bg3 Bd4 27. Qxb4 Bxa1 28.
Rxa1 axb3 29. Qc3 Rxa1+ 30. Qxa1 bxc2 31. Nxe5 Nxe5 32. d4 Rb8 33. Ba2 Rb1+ 34.
Bxb1 c1=Q+ 35. Kh2 Qb7 36. Bxe5 Qbxb1 37. Qa7 Qg1+ 38. Kg3 Qxe4 0-1

[Event "6. Torneo Distrito Chamartin 2017"]
[Site "Madrid ESP"]
[Date "2017.09.04"]
[Round "1.29"]
[White "Anton Quevedo, Andrea"]
[Black "Enriquez Pastor, Jorge"]
[Result "1-0"]
[WhiteElo "1954"]
[BlackElo "1472"]
[PlyCount "79"]
[EventDate "2017.09.04"]
[EventType "swiss"]
[EventRounds "9"]
[EventCountry "ESP"]
[SourceTitle "Ajedrez en Madrid"]
[Source "lmi"]
[SourceDate "2017.09.04"]
[SourceVersion "1"]
[SourceVersionDate "2018.03.05"]
[SourceQuality "1"]

1. e4 c6 2. d4 d5 3. Nc3 dxe4 4. Nxe4 Bf5 5. Ng3 Bg6 6. Nf3 Nd7 7. Bd3 Bxd3 8.
Qxd3 Ngf6 9. O-O e6 10. Ne4 Nxe4 11. Qxe4 Nf6 12. Qd3 h6 13. Bf4 Bd6 14. Be5
Bxe5 15. Nxe5 Nd7 16. Nc4 Nf6 17. Qa3 Qe7 18. Nd6+ Kd7 19. Nxb7 Qxa3 20. bxa3
Rab8 21. Nc5+ Ke7 22. Rab1 Nd7 23. Nd3 Rb6 24. Rb3 Rc8 25. Rfb1 Ra6 26. Rb7
Rxa3 27. Ne5 Rd8 28. Nxc6+ Ke8 29. Nxd8 Kxd8 30. R1b2 Kc8 31. R7b3 Ra4 32. Rb4
Ra3 33. Kf1 Nb6 34. c4 Rc3 35. c5 Nd7 36. Ra4 Rd3 37. Ke2 Rc3 38. Kd2 Nxc5 39.
dxc5 Rxc5 40. Rc2 1-0

[Event "6. Torneo Distrito Chamartin 2017"]
[Site "Madrid ESP"]
[Date "2017.09.04"]
[Round "1.30"]
[White "Sanchez Lucena, Juan"]
[Black "Lobato Lavin, Alvaro"]
[Result "0-1"]
[WhiteElo "1449"]
[BlackElo "1937"]
[PlyCount "98"]
[EventDate "2017.09.04"]
[EventType "swiss"]
[EventRounds "9"]
[EventCountry "ESP"]
[SourceTitle "Ajedrez en Madrid"]
[Source "lmi"]
[SourceDate "2017.09.04"]
[SourceVersion "1"]
[SourceVersionDate "2018.03.05"]
[SourceQuality "1"]

1. d4 Nf6 2. Nf3 g6 3. e3 Bg7 4. c4 O-O 5. a3 c5 6. Bd2 d6 7. Nc3 Re8 8. Be2 e5
9. dxc5 e4 10. Nd4 dxc5 11. Nb3 b6 12. f4 Bb7 13. Qc2 Nc6 14. O-O-O Qe7 15. Kb1
Rad8 16. h3 Na5 17. g4 Nxb3 18. Qxb3 Rf8 19. Be1 Rxd1+ 20. Qxd1 Rd8 21. Qb3 Rd3
22. Bf2 Rd2 23. Rd1 Qd7 24. Rxd2 Qxd2 25. Qd1 Qxd1+ 26. Bxd1 Ne8 27. Be1 Nd6
28. b3 f5 29. Kc2 Kf7 30. h4 fxg4 31. Bxg4 h5 32. Bd7 Ke7 33. Bh3 Bc6 34. a4
Bf6 35. Nb5 Bxb5 36. axb5 Kf7 37. Kb1 Ke7 38. Ka2 Nf7 39. Ka3 Nd6 40. Ka4 Bb2
41. Bg3 Bc1 42. Bf2 Kf6 43. Bd7 Bd2 44. Bh3 Nf5 45. Bxf5 Kxf5 46. Ka3 Kg4 47.
Kb2 Kf3 48. Kc2 Bxe3 49. Bxe3 Kxe3 0-1

[Event "6. Torneo Distrito Chamartin 2017"]
[Site "Madrid ESP"]
[Date "2017.09.04"]
[Round "1.31"]
[White "Zhou, Lulu"]
[Black "Cerioni Serret, Luca"]
[Result "1-0"]
[WhiteElo "1928"]
[BlackElo "1419"]
[PlyCount "61"]
[EventDate "2017.09.04"]
[EventType "swiss"]
[EventRounds "9"]
[EventCountry "ESP"]
[SourceTitle "Ajedrez en Madrid"]
[Source "lmi"]
[SourceDate "2017.09.04"]
[SourceVersion "1"]
[SourceVersionDate "2018.03.05"]
[SourceQuality "1"]

1. e4 e5 2. Nf3 Nc6 3. Bb5 f5 4. d3 Nf6 5. Nbd2 Bc5 6. O-O d6 7. a3 a6 8. Bc4
Qe7 9. Re1 fxe4 10. Nxe4 Nxe4 11. dxe4 Be6 12. Bd3 O-O 13. Rf1 Qf7 14. Kh1 Bg4
15. Be2 Qh5 16. h3 Rf6 17. Kg1 Bxh3 18. gxh3 Qxh3 19. Qd3 Rg6+ 20. Ng5 Qxd3 21.
cxd3 h6 22. Bh5 Rf6 23. Nh3 Nd4 24. Kg2 Raf8 25. b4 Ba7 26. Be3 Nc2 27. Bxa7
Nxa1 28. Rxa1 b6 29. Rc1 g6 30. Bd1 R6f7 31. Bb3 1-0

[Event "6. Torneo Distrito Chamartin 2017"]
[Site "Madrid ESP"]
[Date "2017.09.04"]
[Round "1.32"]
[White "Di Pietro Moreno, Fatima"]
[Black "Cardena Contreras, Javier"]
[Result "0-1"]
[WhiteElo "1403"]
[BlackElo "1925"]
[PlyCount "64"]
[EventDate "2017.09.04"]
[EventType "swiss"]
[EventRounds "9"]
[EventCountry "ESP"]
[SourceTitle "Ajedrez en Madrid"]
[Source "lmi"]
[SourceDate "2017.09.04"]
[SourceVersion "1"]
[SourceVersionDate "2018.03.05"]
[SourceQuality "1"]

1. d4 d5 2. Bf4 Nf6 3. e3 g6 4. Nf3 Bg7 5. c4 c6 6. Nc3 O-O 7. Be2 Nbd7 8. h3
dxc4 9. Bxc4 Nb6 10. Be2 Nbd5 11. Bh2 Bf5 12. O-O Nxc3 13. bxc3 Ne4 14. Qb3 c5
15. Rfd1 Qa5 16. Rac1 Qb6 17. Qa3 a6 18. Rb1 Qa7 19. Bd3 b5 20. Rbc1 c4 21. Be2
Rfd8 22. Ne5 Rac8 23. Nf3 g5 24. g4 Bg6 25. h4 gxh4 26. Nxh4 Qb6 27. Nxg6 Qxg6
28. f3 Nd6 29. Qb2 h5 30. Rf1 Bh6 31. Qd2 Kf8 32. Rf2 Nf5 0-1

[Event "6. Torneo Distrito Chamartin 2017"]
[Site "Madrid ESP"]
[Date "2017.09.04"]
[Round "1.33"]
[White "Alonso Abad, Enrique"]
[Black "Abad Martin-Camuñas, Luis"]
[Result "1-0"]
[WhiteElo "1923"]
[BlackElo "1397"]
[PlyCount "75"]
[EventDate "2017.09.04"]
[EventType "swiss"]
[EventRounds "9"]
[EventCountry "ESP"]
[SourceTitle "Ajedrez en Madrid"]
[Source "lmi"]
[SourceDate "2017.09.04"]
[SourceVersion "1"]
[SourceVersionDate "2018.03.05"]
[SourceQuality "1"]

1. d4 Nf6 2. Nf3 d5 3. c3 e6 4. Bf4 Bd6 5. Bg3 Ne4 6. e3 Nxg3 7. hxg3 Nd7 8.
Bd3 g6 9. Nbd2 Bf8 10. e4 dxe4 11. Nxe4 h6 12. Qc2 Bg7 13. O-O-O O-O 14. g4 f5
15. gxf5 exf5 16. Ng3 Nb6 17. Kb1 Be6 18. Rde1 Re8 19. Ne5 Bxe5 20. Rxe5 Kg7
21. Rhe1 Qd7 22. c4 c6 23. b3 Kf7 24. Ne2 a5 25. Nf4 Bxc4 26. Bxc4+ Kg7 27.
Rxe8 Rxe8 28. Rxe8 Qxe8 29. Ne6+ Kf6 30. Nc5 Qe1+ 31. Kb2 Nxc4+ 32. Qxc4 b6 33.
Nd7+ Kg5 34. Qc1+ Qxc1+ 35. Kxc1 b5 36. Ne5 a4 37. Nxc6 axb3 38. axb3 1-0

[Event "6. Torneo Distrito Chamartin 2017"]
[Site "Madrid ESP"]
[Date "2017.09.04"]
[Round "1.34"]
[White "Lopez Garcia, Rafael"]
[Black "Ruiz Bellon, Manuel"]
[Result "0-1"]
[WhiteElo "1392"]
[BlackElo "1916"]
[PlyCount "120"]
[EventDate "2017.09.04"]
[EventType "swiss"]
[EventRounds "9"]
[EventCountry "ESP"]
[SourceTitle "Ajedrez en Madrid"]
[Source "lmi"]
[SourceDate "2017.09.04"]
[SourceVersion "1"]
[SourceVersionDate "2018.03.05"]
[SourceQuality "1"]

1. Nf3 g6 2. d4 Bg7 3. e4 d6 4. Bc4 Nf6 5. Nc3 O-O 6. O-O c6 7. Bg5 b5 8. Bxf6
Bxf6 9. Bb3 Nd7 10. Re1 b4 11. Ne2 Qc7 12. Qd2 a5 13. a3 Rb8 14. axb4 axb4 15.
Qh6 Bg7 16. Qh4 e5 17. Ng5 Nf6 18. dxe5 dxe5 19. f4 h6 20. Nf3 Qb6+ 21. Kh1
Nxe4 22. Rf1 exf4 23. Qxf4 Nc5 24. Bc4 Ne6 25. Qg3 Qc7 26. Qf2 Bxb2 27. Ra7 Qb6
28. Qxb6 Rxb6 29. Rb1 Bg7 30. c3 c5 31. cxb4 cxb4 32. Ra4 b3 33. Rxb3 Rxb3 34.
Bxb3 Nc5 35. Rb4 Nxb3 36. Rxb3 Re8 37. Ng3 Be6 38. Re3 Ra8 39. h3 Ra1+ 40. Kh2
Ra2 41. Ne1 h5 42. Ne4 Be5+ 43. Kh1 Ra1 44. Ng5 Bf4 45. Re4 Bxg5 46. Kh2 Ra2
47. Nf3 Bd8 48. Kh1 Ra1+ 49. Kh2 Bc7+ 50. g3 Ra2+ 51. Kg1 Bxg3 52. Ng5 Bd5 53.
Re8+ Kg7 54. Ne4 Bxe4 55. Rxe4 h4 56. Rc4 Rh2 57. Rc3 Rxh3 58. Rc2 Bf4 59. Kg2
Rd3 60. Rc4 h3+ 0-1

[Event "6. Torneo Distrito Chamartin 2017"]
[Site "Madrid ESP"]
[Date "2017.09.04"]
[Round "1.35"]
[White "Barragan Arriaza, Pablo"]
[Black "Castro Contreras, Bruno"]
[Result "1-0"]
[WhiteElo "1908"]
[BlackElo "1378"]
[PlyCount "83"]
[EventDate "2017.09.04"]
[EventType "swiss"]
[EventRounds "9"]
[EventCountry "ESP"]
[SourceTitle "Ajedrez en Madrid"]
[Source "lmi"]
[SourceDate "2017.09.04"]
[SourceVersion "1"]
[SourceVersionDate "2018.03.05"]
[SourceQuality "1"]

1. c4 c5 2. g3 d6 3. Bg2 e5 4. Nc3 g6 5. a3 Nc6 6. Rb1 a5 7. d3 Bg7 8. Nf3 Nge7
9. O-O O-O 10. Ne1 f5 11. Nc2 f4 12. b4 axb4 13. axb4 Nd4 14. bxc5 dxc5 15.
Nxd4 cxd4 16. Nd5 Nxd5 17. Bxd5+ Kh8 18. Qb3 Bh3 19. Bg2 Bxg2 20. Kxg2 fxg3 21.
hxg3 Rb8 22. Qb6 Qd7 23. Ba3 Rf6 24. Qb5 Qe6 25. Qc5 Bf8 26. Qa7 Qe8 27. Bxf8
Rxf8 28. Rb5 Rf5 29. f3 Qc8 30. Rfb1 Ra8 31. Qxb7 Qxb7 32. Rxb7 Ra2 33. Kf2 h5
34. Re7 Ra8 35. Rb5 Raf8 36. Rbxe5 g5 37. Rxf5 Rxf5 38. Rd7 g4 39. f4 h4 40.
gxh4 Rxf4+ 41. Kg3 Rf6 42. Rxd4 1-0

[Event "6. Torneo Distrito Chamartin 2017"]
[Site "Madrid ESP"]
[Date "2017.09.04"]
[Round "1.36"]
[White "Bermudez Valles, Juan Alejandro"]
[Black "Perez Gonzalez, Daniel"]
[Result "0-1"]
[WhiteElo "1373"]
[BlackElo "1894"]
[PlyCount "62"]
[EventDate "2017.09.04"]
[EventType "swiss"]
[EventRounds "9"]
[EventCountry "ESP"]
[SourceTitle "Ajedrez en Madrid"]
[Source "lmi"]
[SourceDate "2017.09.04"]
[SourceVersion "1"]
[SourceVersionDate "2018.03.05"]
[SourceQuality "1"]

1. e4 c5 2. Bc4 e6 3. Nc3 a6 4. a3 b5 5. Ba2 Bb7 6. Nf3 d6 7. d3 Nf6 8. O-O Be7
9. Bg5 Nbd7 10. Qd2 O-O 11. Rae1 h6 12. Bh4 Bc6 13. d4 b4 14. axb4 cxb4 15. Nd1
Nxe4 16. Bxe7 Nxd2 17. Bxd8 Bxf3 18. Be7 Rfe8 19. Bxd6 Bxd1 20. Rxd1 Nxf1 21.
Kxf1 a5 22. Re1 Nb6 23. c4 bxc3 24. bxc3 Rac8 25. Rc1 Red8 26. Bc5 Na4 27. Be7
Rxd4 28. c4 Rc7 29. Ba3 Rd3 30. c5 Rxa3 31. c6 Rxa2 0-1

[Event "6. Torneo Distrito Chamartin 2017"]
[Site "Madrid ESP"]
[Date "2017.09.04"]
[Round "1.37"]
[White "Viñas Lopez, Carlos"]
[Black "Villarroya Samaniego, Javier"]
[Result "1-0"]
[WhiteElo "1894"]
[BlackElo "1358"]
[PlyCount "21"]
[EventDate "2017.09.04"]
[EventType "swiss"]
[EventRounds "9"]
[EventCountry "ESP"]
[SourceTitle "Ajedrez en Madrid"]
[Source "lmi"]
[SourceDate "2017.09.04"]
[SourceVersion "1"]
[SourceVersionDate "2018.03.05"]
[SourceQuality "1"]

1. d4 f5 2. h3 Nf6 3. g4 fxg4 4. hxg4 Nxg4 5. Qd3 Nf6 6. Rxh7 d6 7. Qg6+ Kd7 8.
Rxh8 Nc6 9. Bh3+ e6 10. Qf7+ Ne7 11. Rxf8 1-0

[Event "6. Torneo Distrito Chamartin 2017"]
[Site "Madrid ESP"]
[Date "2017.09.04"]
[Round "1.38"]
[White "Centeno Mateos, Domingo"]
[Black "Marcos Herrero, Francisco"]
[Result "0-1"]
[WhiteElo "1349"]
[BlackElo "1872"]
[PlyCount "27"]
[EventDate "2017.09.04"]
[EventType "swiss"]
[EventRounds "9"]
[EventCountry "ESP"]
[SourceTitle "Ajedrez en Madrid"]
[Source "lmi"]
[SourceDate "2017.09.04"]
[SourceVersion "1"]
[SourceVersionDate "2018.03.05"]
[SourceQuality "1"]

1. d4 Nf6 2. c4 c5 3. d5 b5 4. e3 Bb7 5. Nf3 e6 6. dxe6 fxe6 7. b3 Be7 8. Bb2
O-O 9. cxb5 Ne4 10. Nbd2 a5 11. a4 Bf6 12. Bxf6 Qxf6 13. Nxe4 Bxe4 14. Nd2 0-1

[Event "6. Torneo Distrito Chamartin 2017"]
[Site "Madrid ESP"]
[Date "2017.09.04"]
[Round "1.39"]
[White "Tarrio Ocaña, Jose Manuel"]
[Black "Martin Rodriguez, Jose Luis"]
[Result "1-0"]
[WhiteElo "1869"]
[BlackElo "1291"]
[PlyCount "61"]
[EventDate "2017.09.04"]
[EventType "swiss"]
[EventRounds "9"]
[EventCountry "ESP"]
[SourceTitle "Ajedrez en Madrid"]
[Source "lmi"]
[SourceDate "2017.09.04"]
[SourceVersion "1"]
[SourceVersionDate "2018.03.05"]
[SourceQuality "1"]

1. e4 e6 2. d4 d5 3. Bd3 dxe4 4. Bxe4 Nf6 5. Bf3 Bd6 6. Ne2 O-O 7. O-O Nbd7 8.
Nbc3 a6 9. Re1 Rb8 10. Ng3 b5 11. Nce4 Nxe4 12. Nxe4 Be7 13. Bf4 Nf6 14. Nxf6+
Bxf6 15. Be5 Bxe5 16. dxe5 Qxd1 17. Raxd1 Bb7 18. Bxb7 Rxb7 19. Rd7 Re8 20. Re3
Kf8 21. Rc3 Rc8 22. Rf3 Ke8 23. Rfxf7 Rcb8 24. Rxg7 Kf8 25. Rxh7 Kg8 26. Rxc7
Rd8 27. g3 Rbb8 28. Rhe7 Rd2 29. Rxe6 Rf8 30. Rf6 Re8 31. Ra7 1-0

[Event "6. Torneo Distrito Chamartin 2017"]
[Site "Madrid ESP"]
[Date "2017.09.04"]
[Round "1.40"]
[White "Perdiguero Herreros, Alejandro"]
[Black "Camarero Izquierdo, Juan Carlos"]
[Result "0-1"]
[WhiteElo "1263"]
[BlackElo "1844"]
[PlyCount "68"]
[EventDate "2017.09.04"]
[EventType "swiss"]
[EventRounds "9"]
[EventCountry "ESP"]
[SourceTitle "Ajedrez en Madrid"]
[Source "lmi"]
[SourceDate "2017.09.04"]
[SourceVersion "1"]
[SourceVersionDate "2018.03.05"]
[SourceQuality "1"]

1. e4 c5 2. Nf3 d6 3. Bc4 e6 4. O-O Be7 5. d3 Nc6 6. Re1 Qc7 7. c3 Ne5 8. Nxe5
dxe5 9. Nd2 Nf6 10. Nf3 Bd7 11. Be3 a5 12. Bb3 O-O 13. d4 a4 14. dxe5 axb3 15.
exf6 gxf6 16. Bh6 Rfd8 17. Ne5 f5 18. exf5 exf5 19. Nxf7 Re8 20. Qxb3 c4 21.
Qd1 Kxf7 22. Qh5+ Kg8 23. Bg5 Bf8 24. Bf6 Qf4 25. Bg5 Qg4 26. Qxg4 fxg4 27.
Rxe8 Rxe8 28. Kf1 Bf5 29. Rd1 Bd3+ 30. Kg1 Re2 31. Bc1 Bc5 32. Rf1 h5 33. b4
Ba7 34. a3 Rc2 0-1

[Event "6. Torneo Distrito Chamartin 2017"]
[Site "Madrid ESP"]
[Date "2017.09.04"]
[Round "1.41"]
[White "Fernandez Aransay, Fernando"]
[Black "Gijon Molina, Carlos"]
[Result "1-0"]
[WhiteElo "1844"]
[BlackElo "1189"]
[PlyCount "81"]
[EventDate "2017.09.04"]
[EventType "swiss"]
[EventRounds "9"]
[EventCountry "ESP"]
[SourceTitle "Ajedrez en Madrid"]
[Source "lmi"]
[SourceDate "2017.09.04"]
[SourceVersion "1"]
[SourceVersionDate "2018.03.05"]
[SourceQuality "1"]

1. e4 c6 2. d4 d5 3. exd5 cxd5 4. Bd3 Nc6 5. c3 Nf6 6. Bf4 e6 7. Nf3 Be7 8.
Nbd2 b6 9. O-O Bb7 10. Qe2 O-O 11. Rae1 Re8 12. Ne5 Bd6 13. Bg3 Qc7 14. f4 Rac8
15. Qf3 a6 16. Bh4 Be7 17. f5 Nxe5 18. dxe5 d4 19. Qg3 Nh5 20. Qg4 Bxh4 21.
Qxh4 g6 22. fxg6 hxg6 23. cxd4 Bd5 24. Nf3 Bxf3 25. Rxf3 b5 26. Ref1 Re7 27. g4
Qb6 28. gxh5 Rd7 29. hxg6 Qxd4+ 30. Qxd4 Rxd4 31. gxf7+ Kf8 32. Rg3 Rcd8 33.
Rg8+ Ke7 34. f8=Q+ Rxf8 35. Rgxf8 Rg4+ 36. Kh1 Rg7 37. Bg6 b4 38. R1f7+ Rxf7
39. Rxf7+ Kd8 40. h4 a5 41. h5 1-0

[Event "6. Torneo Distrito Chamartin 2017"]
[Site "Madrid ESP"]
[Date "2017.09.04"]
[Round "1.42"]
[White "Gonzalez Martinez, Maria Yolanda"]
[Black "Garcia Serrano, Jose Manuel"]
[Result "0-1"]
[WhiteElo "1145"]
[BlackElo "1843"]
[PlyCount "38"]
[EventDate "2017.09.04"]
[EventType "swiss"]
[EventRounds "9"]
[EventCountry "ESP"]
[SourceTitle "Ajedrez en Madrid"]
[Source "lmi"]
[SourceDate "2017.09.04"]
[SourceVersion "1"]
[SourceVersionDate "2018.03.05"]
[SourceQuality "1"]

1. e4 e5 2. d3 Nc6 3. Nf3 h6 4. Nc3 Nf6 5. h3 Bc5 6. a3 d6 7. b4 Bb6 8. Rb1 Be6
9. Be2 Qe7 10. a4 a5 11. b5 Nb8 12. Ba3 Nbd7 13. O-O g5 14. Nh2 h5 15. Re1
O-O-O 16. Kh1 Rdg8 17. f3 g4 18. Bf1 gxh3 19. gxh3 Rg1# 0-1

[Event "6. Torneo Distrito Chamartin 2017"]
[Site "Madrid ESP"]
[Date "2017.09.04"]
[Round "1.43"]
[White "Calvo De Castro, Miguel"]
[Black "Yeghikyan, Yeva"]
[Result "1-0"]
[WhiteElo "1836"]
[BlackElo "1106"]
[PlyCount "105"]
[EventDate "2017.09.04"]
[EventType "swiss"]
[EventRounds "9"]
[EventCountry "ESP"]
[SourceTitle "Ajedrez en Madrid"]
[Source "lmi"]
[SourceDate "2017.09.04"]
[SourceVersion "1"]
[SourceVersionDate "2018.03.05"]
[SourceQuality "1"]

1. d4 d5 2. c4 e6 3. e3 Nf6 4. Nf3 g6 5. Nc3 dxc4 6. Bxc4 Bg7 7. O-O O-O 8. b3
Nbd7 9. Bb2 b6 10. Ng5 Bb7 11. Bxe6 Qe7 12. Bh3 c5 13. Rc1 Nh5 14. Bxd7 Qxd7
15. dxc5 Qc6 16. Qf3 Qxf3 17. Nxf3 bxc5 18. Ba3 Rac8 19. Na4 Ba6 20. Rfd1 Be2
21. Rd7 a6 22. Rxc5 Rxc5 23. Bxc5 Re8 24. Ba3 Bf8 25. Bb2 Bg7 26. Nd4 Bg4 27.
Rd6 Be5 28. Rc6 Nf4 29. a3 Rc8 30. Rxc8+ Bxc8 31. exf4 Bxd4 32. Bxd4 Kf8 33. f3
Ke8 34. Kf2 Kd7 35. Nb6+ Kc7 36. Nxc8 Kxc8 37. Ke3 Kd7 38. Ke4 Kd6 39. a4 Ke6
40. b4 f5+ 41. Kd3 Kd5 42. g4 Kc6 43. Kc4 h5 44. b5+ axb5+ 45. axb5+ Kb7 46. b6
fxg4 47. fxg4 hxg4 48. Kc5 g3 49. hxg3 Ka6 50. Kc6 g5 51. b7 gxf4 52. b8=Q fxg3
53. Qb5# 1-0

[Event "6. Torneo Distrito Chamartin 2017"]
[Site "Madrid ESP"]
[Date "2017.09.04"]
[Round "1.44"]
[White "Isabel Huertas, Pedro"]
[Black "Garcia Villalba, Daniel"]
[Result "0-1"]
[WhiteElo "1073"]
[BlackElo "1827"]
[PlyCount "74"]
[EventDate "2017.09.04"]
[EventType "swiss"]
[EventRounds "9"]
[EventCountry "ESP"]
[SourceTitle "Ajedrez en Madrid"]
[Source "lmi"]
[SourceDate "2017.09.04"]
[SourceVersion "1"]
[SourceVersionDate "2018.03.05"]
[SourceQuality "1"]

1. e4 e5 2. Nf3 Nc6 3. Bb5 a6 4. Ba4 Nf6 5. d3 b5 6. Bb3 Be7 7. O-O d6 8. Ng5
O-O 9. Be3 Na5 10. d4 exd4 11. Qxd4 c5 12. Qc3 c4 13. Rd1 Bb7 14. Bd2 cxb3 15.
Qxa5 Qxa5 16. Bxa5 bxc2 17. Rc1 cxb1=Q 18. Raxb1 Nxe4 19. Nxe4 Bxe4 20. Ra1 Bf6
21. Bc3 Bxc3 22. Rxc3 Rac8 23. Re1 Rxc3 24. bxc3 Re8 25. f3 Bc6 26. Rxe8+ Bxe8
27. Kf2 Kf8 28. Ke3 Ke7 29. Kf4 Ke6 30. g4 Bc6 31. g5 a5 32. Kg4 b4 33. cxb4
axb4 34. f4 f5+ 35. Kh5 Bf3+ 36. Kh4 Bd5 37. Kh5 Bxa2 0-1

[Event "6. Torneo Distrito Chamartin 2017"]
[Site "Madrid ESP"]
[Date "2017.09.05"]
[Round "2.1"]
[White "Garcia Galeote, Lorenzo"]
[Black "Martin Duque, Jesus"]
[Result "0-1"]
[WhiteElo "1989"]
[BlackElo "2387"]
[PlyCount "82"]
[EventDate "2017.09.04"]
[EventType "swiss"]
[EventRounds "9"]
[EventCountry "ESP"]
[SourceTitle "Ajedrez en Madrid"]
[Source "lmi"]
[SourceDate "2017.09.04"]
[SourceVersion "1"]
[SourceVersionDate "2018.03.05"]
[SourceQuality "1"]

1. d4 Nf6 2. Nf3 c5 3. e3 g6 4. Be2 Bg7 5. O-O cxd4 6. exd4 d5 7. Bf4 O-O 8.
Qc1 Re8 9. Ne5 Nc6 10. c3 Nd7 11. Nxc6 bxc6 12. Re1 Bb7 13. Nd2 c5 14. Nf3 Rc8
15. Bh6 cxd4 16. Bxg7 Kxg7 17. Nxd4 e5 18. Nb5 Qb6 19. Qe3 d4 20. cxd4 a6 21.
Qh3 Rcd8 22. Na3 exd4 23. Nc4 Qf6 24. Bf1 Nc5 25. Qa3 Rxe1 26. Rxe1 Ne6 27. Qa5
Nf4 28. Qe5 d3 29. Qxf6+ Kxf6 30. g3 Ne6 31. Bg2 Bc8 32. Nb6 Nd4 33. Rd1 Bg4
34. f3 Nxf3+ 35. Bxf3 Bxf3 36. Rd2 Be2 37. Na4 Ke5 38. h3 Kd4 39. Kf2 Rd6 40.
Nc3 Rf6+ 41. Kg2 Ke3 0-1